000 00312nam a22001457a 4500
008 230328b ||||| |||| 00| 0 eng d
020 _a9780865715806
041 _aeng
080 _a573
082 _a573LEV
100 _a16
101 _aBIO
245 _aDESING FOR WATER
_cLEVARION.K.H
942 _2udc
_cBK
999 _c59467
_d59467